00983cam a2200277 a 4500001000500000005001700005020001800022040002300040050002400063082001500087100002300102245008400125260003500209300003800244490003000282500003500312505000800347520016500355521002000520521002000540650003400560650003400594650002600628650002000654700003100674143120240222132414.0 a9780590988247 aDLCcDLCdDLCbeng00aPZ7.O81167bSu 199600a813.542201 aOsborne, Mary Pope10aSunset of the sabertooth /cby Mary Pope Osborne ; illustrated by Sal Murdocca. aNew York :bScholastic,c1996. a67 pages :billustrations c20 cm aMagic tree house vBook 7 a"A first stepping stone book." aK  aThe magic tree house transports Jack and Annie on a mission to the Ice Age where they encounter Cro-Magnons, cave bears, sabertooth tigers, and woolly mammoths. a520 bLexile  aK bRaz-Plus  1aPrehistoric peoplesxFiction. 1aPrehistoric animalsxFiction. 1aTime travelxFiction. 1aMagicxFiction.1 aMurdocca, Saleillustrator